|
|
|
|
| LEADER |
00000naa2a2200000 4500 |
| 001 |
621274 |
| 005 |
20231101133143.0 |
| 035 |
|
|
|a (RuTPU)RU\TPU\conf\19841
|
| 035 |
|
|
|a RU\TPU\conf\19423
|
| 090 |
|
|
|a 621274
|
| 100 |
|
|
|a 20161213d2016 k y0rusy50 ca
|
| 101 |
0 |
|
|a rus
|
| 102 |
|
|
|a RU
|
| 105 |
|
|
|a y z 101zy
|
| 135 |
|
|
|a drcn ---uucaa
|
| 181 |
|
0 |
|a i
|
| 182 |
|
0 |
|a b
|
| 200 |
1 |
|
|a Влияние среды проведения СВ-синтеза системы Zr-Al на конечный продукт
|f Д. К. Колядко, С. С. Чурсин
|
| 203 |
|
|
|a Текст
|c электронный
|
| 225 |
1 |
|
|a Химические технологии атомной промышленности и энергетики
|
| 230 |
|
|
|a 1 компьютерный файл (pdf; 396 Kb)
|
| 300 |
|
|
|a Заглавие с титульного экрана
|
| 320 |
|
|
|a [Библиогр.: с. 29 (3 назв.)]
|
| 463 |
|
1 |
|0 (RuTPU)RU\TPU\conf\19839
|t VII Школа-конференция молодых атомщиков Сибири
|o сборник тезисов докладов, 19-21 октября 2016 г., г. Северск
|f Росатом [и др.]
|v [С. 29]
|d 2016
|
| 610 |
1 |
|
|a труды учёных ТПУ
|
| 610 |
1 |
|
|a электронные ресурсы
|
| 610 |
1 |
|
|a атомная промышленность
|
| 610 |
1 |
|
|a дисперсионное топливо
|
| 610 |
1 |
|
|a порошковая металлургия
|
| 610 |
1 |
|
|a тепловая энергетика
|
| 610 |
1 |
|
|a газообразные продукты
|
| 610 |
1 |
|
|a высокотемпературный синтез
|
| 610 |
1 |
|
|a ядерное топливо
|
| 700 |
|
1 |
|a Колядко
|b Д. К.
|c специалист в области ядерных технологий
|c техник Томского политехнического университета
|g Даниил Константинович
|2 stltpush
|3 (RuTPU)RU\TPU\pers\34914
|
| 701 |
|
1 |
|a Чурсин
|b С. С.
|c физик-ядерщик
|c лаборант Томского политехнического университета
|f 1991-
|g Станислав Сергеевич
|2 stltpush
|3 (RuTPU)RU\TPU\pers\30542
|
| 712 |
0 |
2 |
|a Национальный исследовательский Томский политехнический университет (ТПУ)
|b Физико-технический институт (ФТИ)
|b Кафедра физико-энергетических установок (№ 21) (ФЭУ)
|h 48
|2 stltpush
|3 (RuTPU)RU\TPU\col\18730
|
| 801 |
|
2 |
|a RU
|b 63413507
|c 20170110
|g RCR
|
| 856 |
4 |
|
|u http://earchive.tpu.ru/handle/11683/35590
|
| 942 |
|
|
|c BK
|